| 000 | 01096nam a22001937a 4500 | ||
|---|---|---|---|
| 003 | OSt | ||
| 005 | 20251117161112.0 | ||
| 008 | 251117b |||||||| |||| 00| 0 eng d | ||
| 040 | _cDCL | ||
| 082 | _a၂၉၄.၃၈၂၃၁၃ | ||
| 130 |
_aတိပိဋက။ _pသုတ္တန္တပိဋက။ _pဒီဃနိကာယ။ _tပါထိကဝဂ္ဂ၊ _lအဋ္ဌကထာ။ _sနိဿယ။ |
||
| 245 |
_aပါထိကဝဂ္ဂအဋ္ဌကထာနိဿယ၊ _bဒုတိယတွဲ / _cအသျှင်ပညာဇောတ မထေရ်။ |
||
| 264 |
_aမန္တလေး ၊ _bပညာဗလ ပိဋကပုံနှိပ်တိုက်၊ _cခုနှစ်မပါ။ |
||
| 300 |
_aဂ၊ ၄၂၈ စာမျက်နှာ ၊ _c၂၆ စင်တီ။ |
||
| 650 |
_aပါထေယျ _vအဋ္ဌကထာနိဿယ။ |
||
| 650 |
_aပါထိကဝဂ္ဂ _vအဋ္ဌကထာနိဿယ။ |
||
| 700 | _aပညာဇောတ မထေရ်၊ အသျှင် | ||
| 942 |
_2ddc _cSHORT TERM _n0 |
||
| 999 |
_c2514 _d2514 |
||